|
|
|
|
| LEADER |
00000naa2a2200000 4500 |
| 001 |
262047 |
| 005 |
20240109135713.0 |
| 035 |
|
|
|a (RuTPU)RU\TPU\book\285029
|
| 035 |
|
|
|a RU\TPU\book\285022
|
| 090 |
|
|
|a 262047
|
| 100 |
|
|
|a 20140529d2008 k y0rusy50 ca
|
| 101 |
0 |
|
|a rus
|
| 102 |
|
|
|a RU
|
| 200 |
1 |
|
|a Технология получения питьевой воды из подземных источников Западной Сибири
|f К. И. Мачехина
|
| 463 |
|
0 |
|0 (RuTPU)RU\TPU\book\189644
|t КарлсТом 2008: Высокоразбавленные системы: массоперенос, реакции и процессы
|o материалы III Российско-германского семинара, 26-29 октября, 2008 г. г. Томск
|f Tomsk Polytechnic University (TPU) ; Universitat Karlsruhe, Forschungszentrum Karlsruhe
|v P. 101-104
|d 2008
|p 236 с.
|
| 610 |
1 |
|
|a труды учёных ТПУ
|
| 700 |
|
1 |
|a Мачехина
|b К. И.
|c химик-технолог
|c инженер, доцент Томского политехнического университета, кандидат технических наук
|f 1987-
|g Ксения Игоревна
|3 (RuTPU)RU\TPU\pers\28100
|9 13058
|
| 801 |
|
1 |
|a RU
|b 63413507
|c 20140529
|
| 801 |
|
2 |
|a RU
|b 63413507
|c 20140529
|g RCR
|
| 942 |
|
|
|c BK
|